Languages by family - Statistics

General Stats
  • This quiz has been taken 34 times
  • The average score is 10 of 14
Answer Stats
Language Family % Correct
Galician Romance
100%
Afrikaans Germanic
90%
Cornish Celtic
84%
Javanese Malayo-Polynesian
81%
Rusyn Slavic
81%
Sámi Uralic
81%
Telugu Dravidian
77%
Malagasy Malayo-Polynesian
77%
Sorbian Slavic
77%
Ladin Romance
65%
Assamese Indo-Aryan
61%
Gagauz Turkic
61%
Abkhaz Northwest Caucasian
58%
Afar Afroasiatic
42%
No matching quizzes found
Score Distribution
Percent of People with Each Score
Percentile by Number Answered
Your Score History
You have not taken this quiz